000 00517nam a22001817a 4500
003 OSt
005 20140508090600.0
008 140508b xxu||||| |||| 00| 0 eng d
020 _a9789718740989
050 _aLB 2353.26
_b.Al385 2013
100 _aAlfarez, Merle S.
245 _aNational Career Aptitude Exam :
_bpreparation /
_cMerle S. Alfarez.
260 _aQuezon City :
_bMSA Publishing House,
_c2013.
300 _a150 p. :
_bill. ;
_c23 cm.
650 _aExamination.
942 _2lcc
_cBK
999 _c115857
_d115857